Business Information Systems Workshops BIS 2018 International Workshops, Berlin, Germany, July 18-20, 2018, Revised Papers /

This book constitutes revised papers from the seven workshops and one accompanying event which took place at the 21st International Conference on Business Information Systems, BIS 2018, held in Berlin, Germany, in July 2018. Overall across all workshops, 58 out of 122 papers were accepted. The works...

Full description

Bibliographic Details
Corporate Author: SpringerLink (Online service)
Other Authors: Abramowicz, Witold (Editor, http://id.loc.gov/vocabulary/relators/edt), Paschke, Adrian (Editor, http://id.loc.gov/vocabulary/relators/edt)
Format: Electronic eBook
Language:English
Published: Cham : Springer International Publishing : Imprint: Springer, 2019.
Edition:1st ed. 2019.
Series:Lecture Notes in Business Information Processing, 339
Subjects:
Online Access:Full Text via HEAL-Link
LEADER 08585nam a2200577 4500
001 978-3-030-04849-5
003 DE-He213
005 20191027141455.0
007 cr nn 008mamaa
008 190102s2019 gw | s |||| 0|eng d
020 |a 9783030048495  |9 978-3-030-04849-5 
024 7 |a 10.1007/978-3-030-04849-5  |2 doi 
040 |d GrThAP 
050 4 |a HD30.2 
072 7 |a KJQ  |2 bicssc 
072 7 |a COM005030  |2 bisacsh 
072 7 |a KJQ  |2 thema 
082 0 4 |a 658.4038  |2 23 
245 1 0 |a Business Information Systems Workshops  |h [electronic resource] :  |b BIS 2018 International Workshops, Berlin, Germany, July 18-20, 2018, Revised Papers /  |c edited by Witold Abramowicz, Adrian Paschke. 
250 |a 1st ed. 2019. 
264 1 |a Cham :  |b Springer International Publishing :  |b Imprint: Springer,  |c 2019. 
300 |a XII, 708 p. 238 illus., 119 illus. in color.  |b online resource. 
336 |a text  |b txt  |2 rdacontent 
337 |a computer  |b c  |2 rdamedia 
338 |a online resource  |b cr  |2 rdacarrier 
347 |a text file  |b PDF  |2 rda 
490 1 |a Lecture Notes in Business Information Processing,  |x 1865-1348 ;  |v 339 
505 0 |a Keynote Speech -- Business information systems for the cost/energy management of water distribution networks: a critical appraisal of alternative optimization strategies -- AKTB Workshop -- Enhancing clinical decision support through information processing capabilities and strategic IT alignment -- Ontology-Based Fragmented Company Knowledge Integration: Possible Approaches -- Enhancing Teamwork Behavior of Services -- Business Rule Optimisation: Problem Definition, Proof-of-Concept and Application Areas -- Profiling User Colour Preferences with BFI-44 Personality Traits -- The benefits of modeling software-related exceptional paths of business processes -- Process Mining of Periodic Rating Scale Survey Data using Analytic Hierarchy Process -- BITA Workshop -- Determinants to Benefit from Enterprise Architecture Management - A Research Model -- Business and Information Technology Alignment Measurement - a recent Literature Review -- Using Business Process Modelling to Improve Student Recruitment in UK Higher Education -- Stakeholder-Oriented and Enterprise Architecture Driven Cloud Service Selection -- Business-IT alignment improvement in co-creation value networks: design of a reference model-based support -- Ontology Development Strategies in Industrial Contexts -- BSCT Workshop -- Blockchain Backed DNSSEC -- The Proposal of a Blockchain-based Architecture for Transparent Certificate Handling -- Blockchain-based Distributed Marketplace -- BlockChain based certificate verification platform -- Blockchain-Based Management of Shared Energy Assets Using a Smart Contract Ecosystem -- Research of Ethereum Mining Hash Rate Dependency on GPU Hardware Settings -- Practical deployability of Permissioned Blockchains -- Decentralized Energy Networks based on Blockchain: Background, Overview and Concept Discussion -- Enabling Data Markets using Smart Contracts and Multi-Party Computation -- Opportunities, Challenges, and Future Extensions for Smart-Contract Design Patterns -- A Multichain Architecture for Distributed Supply Chain Design in Industry 4.0 -- Invisible BlockChain and Plasticity of Money - Adam Smith Meets Darwin to Buy Crypto Currency -- Blockchain-based internet voting: systems' compliance with international standards -- Chaining Property to Blocks - On the Economic Efficiency of Blockchain-Based Property Enforcement -- On The Future Of Markets Driven by Blockchain -- Smart Contract-Based Role Management on the Blockchain -- Industrial Socio-Cyberphysical System's Consumables Tokenization for Smart Contracts in Blockchain -- SmartExchange: Decentralised Trustless Cryptocurrency Exchange -- A Public, Blockchain-Based Distributed Smart-Contract Platform Enabling Mobile Lite Wallets Using a Proof-of-Stake Consensus Algorithm -- Risk Engineering and Blockchain: Anticipating and Mitigating Risks -- IDEA Workshop -- IT infrastructure capability and health information exchange: The moderating role of electronic medical records' reach -- The IT department as a service broker: a qualitative research -- Foster strategic Orientation in the Digital Age -- TEA - A Technology Evaluation and Adoption Influence Framework for small and medium sized enterprises -- IDEATE Workshop -- Prescriptive Analytics: A Survey of Approaches and Methods -- Challenges from data-driven predictive maintenance in brownfield industrial settings -- Big Data Is Power Business Value From a Process Oriented Analytics Capability -- Scibo Water Workshop -- A multiple-layer clustering method for real-time decision support in a water distribution system -- Automated updating of land cover maps used in hydrological modeling -- High-performance computing applied in project UBEST -- A Comparative Study on Decision Support Approaches under Uncertainty -- Plastic Grabber: Underwater Autonomous Vehicle Simulation for Plastic Objects Retrieval Using Genetic Programming -- Adaptation of irrigation systems to current climate changes -- QOD Workshop -- ADEQUATe: A Community-driven Approach to Improve Open Data Quality -- Situation-dependent data quality analysis for geospatial data using Semantic technologies -- Indicating Studies' Quality based on Open Data in Digital Libraries -- Syntactical Heuristics for the Open Data Quality Assessment and their applications -- Access Control and Quality Attributes of Open Data: Applications and Techniques -- Doctoral Consortium -- Measures for Quality Assessment of Articles and Infoboxes in Multilingual Wikipedia -- Supply chain modelling using Data Science -- Behavioral biometrics in mobile banking and payment applications -- Modelling of Risk and Reliability of Maritime Transport Services -- Mixed Methods approach as requirements analysis of a method for process harmonization in Design Science Research -- Predicting Customer Churn in Electronic Banking -- Assessing Process Suitability for AI-based Automation. Research Idea and Design. . 
520 |a This book constitutes revised papers from the seven workshops and one accompanying event which took place at the 21st International Conference on Business Information Systems, BIS 2018, held in Berlin, Germany, in July 2018. Overall across all workshops, 58 out of 122 papers were accepted. The workshops included in this volume are: AKTB 2018 - 10th Workshop on Applications of Knowledge-Based Technologies in Business BITA 2018 - 9th Workshop on Business and IT Alignment BSCT 2018 - 1st Workshop on Blockchain and Smart Contract Technologies IDEA 2018 - 4th International Workshop on Digital Enterprise Engineering and Architecture IDEATE 2018 - 3rd Workshop on Big Data and Business Analytics Ecosystems SciBOWater 2018 - Scientific Challenges & Business Opportunities in Water Management QOD 2018 - 1st Workshop on Quality of Open Data In addition, one keynote speech in full-paper length and contributions from the Doctoral Consortium are included. 
650 0 |a Management information systems. 
650 0 |a Information storage and retrieval. 
650 0 |a Application software. 
650 0 |a Computer security. 
650 0 |a Artificial intelligence. 
650 1 4 |a Business Information Systems.  |0 http://scigraph.springernature.com/things/product-market-codes/522030 
650 2 4 |a Information Storage and Retrieval.  |0 http://scigraph.springernature.com/things/product-market-codes/I18032 
650 2 4 |a Information Systems Applications (incl. Internet).  |0 http://scigraph.springernature.com/things/product-market-codes/I18040 
650 2 4 |a Systems and Data Security.  |0 http://scigraph.springernature.com/things/product-market-codes/I28060 
650 2 4 |a Artificial Intelligence.  |0 http://scigraph.springernature.com/things/product-market-codes/I21000 
650 2 4 |a Computer Appl. in Administrative Data Processing.  |0 http://scigraph.springernature.com/things/product-market-codes/I2301X 
700 1 |a Abramowicz, Witold.  |e editor.  |4 edt  |4 http://id.loc.gov/vocabulary/relators/edt 
700 1 |a Paschke, Adrian.  |e editor.  |4 edt  |4 http://id.loc.gov/vocabulary/relators/edt 
710 2 |a SpringerLink (Online service) 
773 0 |t Springer eBooks 
776 0 8 |i Printed edition:  |z 9783030048488 
776 0 8 |i Printed edition:  |z 9783030048501 
830 0 |a Lecture Notes in Business Information Processing,  |x 1865-1348 ;  |v 339 
856 4 0 |u https://doi.org/10.1007/978-3-030-04849-5  |z Full Text via HEAL-Link 
912 |a ZDB-2-SCS 
912 |a ZDB-2-LNB 
950 |a Computer Science (Springer-11645)